| 000 | 00691nmc a2200277 a 4500 | ||
|---|---|---|---|
| 003 | AR-X00000XO | ||
| 005 | 20251128211941.0 | ||
| 008 | 177020s1980 ||||||||||||||000 | spa|| | ||
| 020 | _a0237-44978-1 | ||
| 040 | _cAR-X00000XO | ||
| 245 | 1 | 0 | _aManualidades con materiales textiles |
| 260 |
_aBarcelona _bCEAC _c1980 |
||
| 300 | 0 |
_a54 p. _bil., láms. |
|
| 490 | 0 | _aNuevas ideas | |
| 650 | 4 | _aARTESANIAS | |
| 650 | 4 | _aEDUCACION ARTISTICA | |
| 650 | 4 | _aARTES TEXTILES | |
| 653 | 0 | _aMANUALIDADES | |
| 700 | 1 | _aHolder, Elizabeth | |
| 700 | 1 | _aSeyd, Mary | |
| 700 | 1 | _aTopham, Catherine | |
| 700 | 1 | _aTyler, Mabs | |
| 700 | 1 | _aWigg, Dora | |
| 942 | _cBK | ||
| 998 | _calexandra | ||
| 999 |
_c21760 _d21760 |
||